000 00474nam a2200169Ia 4500
005 20250508153929.0
008 008 250505s9999 xx 000 0 eng d
037 _aBooks to be hide in OPAC
040 _aFEDL
_beng
_cFEDL
041 _aeng
_2eng
084 _a379.145416, ASS/O
_qFEDL
245 0 _aAssam education department rules and orders
260 _c1931
300 _axv,492p.
942 _cHB
_h379.145416, ASS/O
999 _c1346446
_d1346446